• 首页
  • 本馆介绍
  • 公告通知
  • 最新文献
  • 馆藏检索
  • 电子资源
  • 读者导购
  • 参考咨询
  • 我的图书馆
  • 登录
  • 详细信息显示
  • 放入我的书架
  • 预约/预借图书
  • 作者相关作品
  • 分类相关作品
  • 丛书相关作品
  • 出版社相关作品

书目信息

  • 表格格式
  • 工作单格式
  • 卡片格式
题名:
存在之思
    
 
作者: 李承贵 著
分册:  
出版信息: 北京   中央编译出版社  2004
页数: 365页
开本: 21cm
丛书名: 当代学者人文论丛
单 册:
中图分类: B2-53
科图分类:
主题词: 哲学--文集--中国
电子资源:
ISBN: 7-80109-861-7
000 01125nam0 2200337 450
000 01088nam0 2200325 450
000 01049nam0 2200325 450
000 00995nam0 2200301 450
000 01013nam0 2200289 450
000 00976nam0 2200277 45
001 TS2006024776
005 20061225170833.98
010    @a7-80109-861-7@dCNY28.60
100    @a20060829d2004 ekmy0chiy0120 ea
101 0  @achi
102    @aCN@b110000
105    @ay a 000yy
200 1  @a存在之思@ACun Zai Zhi Si@e对生活与文本的哲学追问@EDui Sheng Huo Yu Wen Ben De Zhe Xue Zhui Wen@f李承贵著@FLi Cheng Gui Zhu
210    @a北京@c中央编译出版社@d2004
215    @a365页@d21cm
225 2  @a当代学者人文论丛@v第一辑
320    @a有书目
410  0 @12001 @a当代学者人文论丛
517 1  @a对生活与文本的哲学追问@ADui Sheng Huo Yu Wen Ben De Zhe Xue Zhui Wen
606 0  @a哲学@y文集@x中国
690    @aB2-53@v4
701  0 @a李承贵@ALi Cheng Gui@4著
801  0 @aCN@b中图数据@c20061225
905    @a10447@dB2-53@e111
    
    存在之思:对生活与文本的哲学追问/李承贵著.-北京:中央编译出版社,2004
    365页;21cm.-(当代学者人文论丛;第一辑)
    
    
    ISBN 7-80109-861-7:CNY28.60
    
●
相关链接 在E读中查询图书 在五车中查询图书 在当当中查询图书 在豆瓣中查询图书


正题名:存在之思     索取号:B2-53/111         预约/预借

序号 登录号 条形码 馆藏地/架位号 状态 备注
1 0617841   206178410   第一样本阅览室/ [索取号:B2-53/111] 在馆    
2 0617842   206178429   教育系资料室/ [索取号:B2-53/111] 在馆    
3 0617843   206178438   教育系资料室/ [索取号:B2-53/111] 在馆    
4 0617844   206178447   第一借阅区/ [索取号:B2-53/111] 在馆    
5 0617845   206178456   第一借阅区/ [索取号:B2-53/111] 在馆    
唐山师范学院图书馆 欢迎您!
大连网信软件有限公司© 版权所有